| 000 | 00830nam a22002297a 4500 | ||
|---|---|---|---|
| 999 |
_c8117 _d8117 |
||
| 003 | AR-CdUCM | ||
| 008 | 190322b ||||| |||| 00| 0 spa d | ||
| 040 |
_aMUNICIPALIDAD PROVINCIAL DEL CUSCO _cBIBLIOTECA MUNICIPAL DEL CUSCO |
||
| 082 |
_a338.2728 / _bIN61 |
||
| 110 |
_aInternational Petroleum Company _922247 |
||
| 245 |
_aPetroleo : _bAspectos de una Industrialización en el Perú y en el Mundo / |
||
| 260 |
_aLima : _bTalleres offset, _c1954. |
||
| 300 |
_a256 paginas ; _bIlustraciones, retratos, graficos, _c20 cm. |
||
| 505 | _aContenido: Petroleo -- industria petrolera -- la industria del petroleo -- industria mundial | ||
| 650 |
_aPetroleo _91700 |
||
| 650 |
_aIndustria _94386 |
||
| 650 |
_aProcesos _98713 |
||
| 650 |
_aPeru _9429 |
||
| 650 |
_aPetroleo Mundial _922917 |
||
| 942 |
_2ddc _cLIBROS |
||
| 945 | _apjha | ||